<?xml version="1.0" encoding="UTF-8"?>
<record
    xmlns:xsi="http://www.w3.org/2001/XMLSchema-instance"
    xsi:schemaLocation="http://www.loc.gov/MARC21/slim http://www.loc.gov/standards/marcxml/schema/MARC21slim.xsd"
    xmlns="http://www.loc.gov/MARC21/slim">

  <leader>03123nam a22002177a 4500</leader>
  <controlfield tag="003">OSt</controlfield>
  <controlfield tag="005">20240510103400.0</controlfield>
  <controlfield tag="008">230914s2022    ag ||||| |||| 00| 0 spa d</controlfield>
  <datafield tag="020" ind1=" " ind2=" ">
    <subfield code="a">9789876293457</subfield>
  </datafield>
  <datafield tag="040" ind1=" " ind2=" ">
    <subfield code="b">spa</subfield>
    <subfield code="c">besoc</subfield>
  </datafield>
  <datafield tag="100" ind1="1" ind2=" ">
    <subfield code="a">Mandrini, Ra&#xFA;l</subfield>
    <subfield code="e">autor</subfield>
  </datafield>
  <datafield tag="245" ind1="1" ind2="0">
    <subfield code="a">Am&#xE9;rica aborigen :</subfield>
    <subfield code="b">de los primeros pobladores a la invaci&#xF3;n europea /</subfield>
    <subfield code="c">Ra&#xFA;l Mandrini</subfield>
  </datafield>
  <datafield tag="250" ind1=" " ind2=" ">
    <subfield code="a">3a ed.</subfield>
  </datafield>
  <datafield tag="260" ind1=" " ind2=" ">
    <subfield code="a">Buenos Aires :</subfield>
    <subfield code="b">Siglo Veintiuno, </subfield>
    <subfield code="c">2022</subfield>
  </datafield>
  <datafield tag="300" ind1=" " ind2=" ">
    <subfield code="a">287 p.</subfield>
  </datafield>
  <datafield tag="490" ind1=" " ind2=" ">
    <subfield code="a">Biblioteca b&#xE1;sica de historia / dirigida por Luis Alberto Romero</subfield>
  </datafield>
  <datafield tag="505" ind1=" " ind2=" ">
    <subfield code="a">Presentaci&#xF3;n. El historiador y el mundo Ind&#xED;gena -- 1. Construir la historia del mundo prehisp&#xE1;nico -- 2. Am&#xE9;rica en el momento de la invasi&#xF3;n europea: un mundo en movimiento -- 3. De la llegada al continente al surgimiento de las sociedades aldeanas -- 4. Los inicios de un nuevo orden social (c. 3000 a.C. -800 a.C.) -- 5. El surgimiento de las primeras civilizaciones (800 a. C -300 a.C) -- 6. Consolidaci&#xF3;n de las sociedades urbanas (c. 300 a.C. -250 d.C.) -- 7. El desarrollo de  los estados regionales (c. 250 d.C, -700 d.C) -- 8. Integraciones regionales y experiencias imperiales (c. 700 d.C-1150 d.C) -- 9. Interregnos: reajustes y nuevos caminos (c. 1150-1450) -- 10. Los grandes estados imperiales: incas y mexica (c. 1450-1530) -- Epilogo. El mundo trastocado -- Anexo -- Bibliograf&#xED;a breve.-</subfield>
  </datafield>
  <datafield tag="520" ind1=" " ind2=" ">
    <subfield code="a">En los momentos iniciales de la invasi&#xF3;n europea, los pueblos originarios americanos llevaban ya varios milenios viviendo en el continente. Sin embargo, con pocas excepciones, estos pueblos quedaron fuera de la historia, relegados al silencio, al abandono y al olvido.
Pero los tiempos cambiaron, y los historiadores (al menos algunos) tambi&#xE9;n. Alentado por ese contexto,  por los impresionantes avances de la investigaci&#xF3;n arqueol&#xF3;gica y la disponibilidad de un mayor n&#xFA;mero de testimonios, Ra&#xFA;l Mandrini se propone recuperar una historia mal conocida, cuando no expresamente borrada, sobre la vida de los abor&#xED;genes americanos antes de la llegada de los europeos. As&#xED;, desde el poblamiento temprano del continente, el autor da cuenta de esas sociedades, que enfrentaron los desaf&#xED;os de su entorno, elaboraron respuestas originales, diversificaron sus modos de existencia, reorganizaron muchas veces su vida social, econ&#xF3;mica y pol&#xED;tica para acomodarse a los cambios medioambientales, y produjeron complejas y sofisticadas manifestaciones est&#xE9;ticas e intelectuales.
Este libro re&#xFA;ne y sistematiza un vigente volumen de informaci&#xF3;n actualizada sobre la vida de numerosas comunidades durante un per&#xED;odo extenso y a lo largo de todo el continente. Junto a la originalidad de su enfoque, este monumental esfuerzo de s&#xED;ntesis hace de Am&#xE9;rica aborigen una obra de referencia &#xFA;nica. Echando por tierra supuestos largamente aceptados, sus paginas tienen el doble merito de reinsertar en la historia un amplio y prol&#xED;fico campo del conocimiento, e incluir en el gran relato de la humanidad a los pueblos, sociedades y culturas ignorados. [Nota del editor]</subfield>
  </datafield>
  <datafield tag="650" ind1=" " ind2="4">
    <subfield code="a">Historia</subfield>
    <subfield code="z">Am&#xE9;rica</subfield>
    <subfield code="x">Prehisp&#xE1;nica</subfield>
  </datafield>
  <datafield tag="942" ind1=" " ind2=" ">
    <subfield code="2">udc</subfield>
    <subfield code="c">LPD</subfield>
    <subfield code="n">0</subfield>
  </datafield>
  <datafield tag="999" ind1=" " ind2=" ">
    <subfield code="c">75</subfield>
    <subfield code="d">75</subfield>
  </datafield>
  <datafield tag="952" ind1=" " ind2=" ">
    <subfield code="0">0</subfield>
    <subfield code="1">0</subfield>
    <subfield code="2">lcc</subfield>
    <subfield code="4">0</subfield>
    <subfield code="7">0</subfield>
    <subfield code="8">CG</subfield>
    <subfield code="a">ESOCIALES</subfield>
    <subfield code="b">ESOCIALES</subfield>
    <subfield code="d">2023-09-14</subfield>
    <subfield code="l">0</subfield>
    <subfield code="o">94(7+8) M273</subfield>
    <subfield code="p">000808</subfield>
    <subfield code="r">2023-09-14 00:00:00</subfield>
    <subfield code="w">2023-09-14</subfield>
    <subfield code="y">LPD</subfield>
  </datafield>
</record>
